Entry Personal Name
Number of records used in: 1
001 - CONTROL NUMBER
003 - CONTROL NUMBER IDENTIFIER
005 - DATE AND TIME OF LATEST TRANSACTION
- control field:
20160514113757.0
008 - FIXED-LENGTH DATA ELEMENTS
- fixed length control field:
160514|| aca||aabn | a|a d
040 ## - CATALOGING SOURCE
- Original cataloging agency:
OSt
- Transcribing agency:
OSt
100 ## - HEADING--PERSONAL NAME
- Personal name:
Gary Dessler
670 ## - SOURCE DATA FOUND
- Source citation:
Work cat.: (OSt): Gary Dessler, Human Resource Management, 2008